| 000 | 00634 a2200253 4500 | ||
|---|---|---|---|
| 260 | _aParis | ||
| 630 | _a57 - Biologie | ||
| 037 | _b1, Achat | ||
| 650 | _a5 - SCIENCES EXACTES ET NATURELLES | ||
| 100 | _aLehninger, Albert L. | ||
| 260 | _bInterEditions | ||
| 245 | _aBioénergétique : base moléculaire des transformations de l'énergie biologique | ||
| 300 | _a238 p. | ||
| 650 | _aBioénergétique | ||
| 260 | _c1978 | ||
| 300 | _b22cm | ||
| 100 | _lFr | ||
| 037 | _aS 3112 | ||
| 700 | _aéd., Duquesne, Maurice | ||
| 700 | _acol., Duquesne, Jeanine | ||
| 020 | _a2-7296-0062-0 | ||
| 999 |
_c41600 _d41600 |
||